00504nam a2200145 a 450000500170000000800410001702000150005805000290007310000230010224501110012526000560023630000210029265000330031365000120034620140310183521.0111018s19uu xx 00 eng d a0814415911 aBF 698.35.C45b.M67 2011 aMortensen, Kurt W. aThe laws of charisma :bhow to captivate, inspire, and influence for maximum success /cKurt W. Mortensen. aNew York :bAmerican Management Association,c2011. a214 p. :c24 cm. aCharisma (Personality trait) aSuccess